ბათუმის შოთა რუსთაველის სახელმწიფო უნივერსიტეტის ბიბლიოთეკა

ანტიკური კავკასია: ენციკლოპედია: რუკები და ილუსტრაციები = Caucasus Antiguus: Encyclios disciplina. volumen V: tabulae et illustrations. (ბიბ.ჩანაწერი № 62176)

000 -ლიდერი
ფიქსირებული სიგრძის საკონტროლო ველი 02419nam a22002657a 4500
003 - საკონტროლო ნომრის იდენტიფიკატორი
საკონტროლო ველი Ge_BSU
005 - ბოლო ოპერაციის თარიღი და დრო
საკონტროლო ველი 20240726175234.0
008 - ფიქსირებული სიგრძის მონაცემთა ელემენტები - ზოგადი ინფორმაცია
ფიქსირებული სიგრძის საკონტროლო ველი 240726s2023 ge ||||| |||| 00| 0 geo d
020 ## - წიგნის საერთაშორისო სტანდარტული ნომერი
International Standard Book Number 9789941985645
041 ## - ენის კოდი
Language code of text/sound track or separate title geo
080 ## - უნივერსალური ათობითი კლასიფიკაციის ინდექსი
Universal Decimal Classification number 94(395)(031)ა-69
245 ## - ცნობა სათაურის შესახებ
Title ანტიკური კავკასია: ენციკლოპედია: რუკები და ილუსტრაციები = Caucasus Antiguus: Encyclios disciplina. volumen V: tabulae et illustrations.
Remainder of title ტომი V /
Statement of responsibility, etc რედაქტორები: რისმაგ გორდეზიანი, მაია დანელია, გიორგი უგულავა, ეკატერინე კვირკველია.
264 ## - წარმოების, გამოცემის, დისტრიბუციის და სხვა ცნობები
გამოცემის, წარმოების, დისტრიბუციის... ადგილი თბილისი:
გამოცემის, წარმოების, დისტრიბუციის... სახელწოდება ლოგოსი,
გამოცემის, წარმოების, დისტრიბუციის... თარიღი 2023.
300 ## - ფიზიკური აღწერა
Extent 463 გვ:.
Other physical details რუკები და ილუსტრაციები ;
Dimensions 29 სმ.
440 ## - სერიის ცნობა / დამატებულია ჩანაწერი - სათაური
Title პროგრამა ”ლოგოსი” : პუბლიკაციები და ღონისძიებები კლასიკური ფილოლოგიის, ბიზანტინისტიკისა და ნეოგრეცისტიკის სფეროში
9 (RLIN) 3642
653 ## - INDEX TERM--UNCONTROLLED
Uncontrolled term ისტორია , კავკასიის ისტორია, ანტიკური ისტორია ,ანტიკური კავკასია,ენციკლოპედია
653 ## - INDEX TERM--UNCONTROLLED
Uncontrolled term History, History of Caucasus , Antique history , Antique Caucasus, Encyclopedia.
700 ## - ADDED ENTRY--PERSONAL NAME
Personal name გორდეზიანი, რისმაგ
Relator term რედაქტორი
9 (RLIN) 22983
700 ## - ADDED ENTRY--PERSONAL NAME
Personal name დანელია, მაია
Relator term რედაქტორი
9 (RLIN) 22984
700 ## - ADDED ENTRY--PERSONAL NAME
Personal name გიორგი, უგულავა
Relator term რედაქტორი
9 (RLIN) 22985
700 ## - ADDED ENTRY--PERSONAL NAME
Personal name კვირკველია, ეკატერინე ,
Relator term რედაქტორი
9 (RLIN) 22986
710 ## - ADDED ENTRY--CORPORATE NAME
Corporate name or jurisdiction name as entry element ივანე ჯავახიშვილის სახელობის თბილისის სახელმწიფო უნივერსიტეტი.
9 (RLIN) 22987
710 ## - ADDED ENTRY--CORPORATE NAME
Corporate name or jurisdiction name as entry element კლასიკური ფილოლოგიის, ბიზანტინისტიკისა და ნეოგრეცისტიკის ინსტიტუტი.
9 (RLIN) 22988
942 ## - ADDED ENTRY ELEMENTS (KOHA)
Source of classification or shelving scheme
Koha item type წიგნი
ეგზემპლარები
ჩამოწერის სტატუსი დაკარგული ეგზემპლარის სტატუსი კლასიფიკაციის წყარო ან თაროზე გაწყობის სქემა დაზიანების სტატუსი არ გაიცემა მუდმივი მდებარეობა (დაცვის ადგილი) ამჟამინდელი ადგილსამყოფელი თაროზე განთავსების ადგილი შეძენის თარიღი ღირებულება, შესყიდვის ნორმალური ფასი სრული შენახვის შიფრი შტრიხკოდი ბოლო ოპერაციის თარიღი ეგზემპლარის მიმდევრობითი ნომერი (კეტერი?) ფასის ძალაში შესვლის თარიღი ეგზემპლარის სახეობა საჯარო შენიშვნა
          ბათუმის შოთა რუსთაველის სახელმწიფო უნივერსიტეტის მთავარი ბიბლიოთეკა ბათუმის შოთა რუსთაველის სახელმწიფო უნივერსიტეტის მთავარი ბიბლიოთეკა წიგნსაცავი 2024-07-26 28.00 94(395)(031)ა-69 66041 2024-07-26 66041 2024-07-26 წიგნი 28ლ.57თ.
          ბათუმის შოთა რუსთაველის სახელმწიფო უნივერსიტეტის მთავარი ბიბლიოთეკა ბათუმის შოთა რუსთაველის სახელმწიფო უნივერსიტეტის მთავარი ბიბლიოთეკა წიგნსაცავი 2024-07-26 28.00 94(395)(031)ა-69 66042 2024-07-26 66042 2024-07-26 წიგნი 28ლ.57თ.